Satellite communications (Record no. 67532)

000 -LEADER
fixed length control field 00458nam a22001697a 4500
003 - CONTROL NUMBER IDENTIFIER
control field NUST - PNEC
005 - DATE AND TIME OF LATEST TRANSACTION
control field 20170116181025.0
008 - FIXED-LENGTH DATA ELEMENTS--GENERAL INFORMATION
fixed length control field 150917b xxu||||| |||| 00| 0 eng d
020 ## - INTERNATIONAL STANDARD BOOK NUMBER
International Standard Book Number 8126508337
040 ## - CATALOGING SOURCE
Transcribing agency LIBRARY
082 ## - DEWEY DECIMAL CLASSIFICATION NUMBER
Classification number 621.380422 PRA
100 ## - MAIN ENTRY--PERSONAL NAME
9 (RLIN) 10787
Personal name Pratt, Timothy
245 ## - TITLE STATEMENT
Title Satellite communications
Statement of responsibility, etc. Timothy,Pratt,
250 ## - EDITION STATEMENT
Edition statement 2nd ed
650 ## - SUBJECT ADDED ENTRY--TOPICAL TERM
9 (RLIN) 10788
Topical term or geographic name entry element Artificial satellites in telecommunication
General subdivision Gernal
942 ## - ADDED ENTRY ELEMENTS (KOHA)
Source of classification or shelving scheme
Koha item type Book
Holdings
Withdrawn status Lost status Source of classification or shelving scheme Damaged status Not for loan Permanent Location Current Location Shelving location Date acquired Total Checkouts Full call number Barcode Date last seen Date last checked out Price effective from Koha item type
          Pakistan Navy Engineering College (PNEC) Pakistan Navy Engineering College (PNEC)     2 621.380422 PRA PNECLIB-028626 06/02/2016 05/20/2016   Book
© 2023 Central Library, National University of Sciences and Technology. All Rights Reserved.